000 00481nam a2200133 a 4500
001 000045633
005 20201002052346.0
008 150417s1984 000 spa d
100 1 _aMinervino G., Manlio A.
_973699
245 0 _aNociones de derecho laboral :. :
_belaborado de acuerdo con el programa de la carrera de contabilidad /
_cManlio A. Minervino G.
260 _aSanto Domingo, República Dominicana, :
_bOffset,
_c1984.
300 _a109 p. : ;
_c20 cm.
999 _c45122
_d45122
040 _aDO-SdBNP